Selected writings of Washington Irving

Gespeichert in:
Bibliographische Detailangaben
1. Verfasser: Irving, Washington
Format: Buch
Sprache:Undetermined
Veröffentlicht: New York The Modern Library 1984
Schlagworte:
Tags: Tag hinzufügen
Keine Tags, Fügen Sie den ersten Tag hinzu!
Thư viện lưu trữ: Trung tâm Học liệu Trường Đại học Cần Thơ
LEADER 00533nam a2200193Ia 4500
001 CTU_125813
008 210402s9999 xx 000 0 und d
082 |a 818.209 
082 |b K29 
100 |a Irving, Washington 
245 0 |a Selected writings of Washington Irving 
245 0 |c Introduction by William P. Kelly 
260 |a New York 
260 |b The Modern Library 
260 |c 1984 
650 |a American literature 
650 |y 1776-1829 
904 |i Giang 
980 |a Trung tâm Học liệu Trường Đại học Cần Thơ